|
|
|
|
| LEADER |
02802nam a2200721 a 4500 |
| 001 |
nkc20132468019 |
| 003 |
CZ PrNK |
| 005 |
20140616081306.0 |
| 007 |
ta |
| 008 |
140514s2012 xr a f 001 0 cze |
| 015 |
|
|
|a cnb002468019
|
| 020 |
|
|
|a 978-80-7414-547-6
|q (brož.)
|
| 035 |
|
|
|a (OCoLC)883370242
|
| 040 |
|
|
|a ABA001
|b cze
|
| 041 |
0 |
|
|a cze
|a fre
|a slo
|b eng
|
| 072 |
|
7 |
|a 7.01/.09
|x Umění
|2 Konspekt
|9 21
|
| 080 |
|
|
|a 7.01/.09
|2 MRF
|
| 080 |
|
|
|a 316.77:159.931
|2 MRF
|
| 080 |
|
|
|a 72/76.05
|2 MRF
|
| 080 |
|
|
|a 7.072/.073
|2 MRF
|
| 080 |
|
|
|a 7.073
|2 MRF
|
| 080 |
|
|
|a 7.071.5
|2 MRF
|
| 080 |
|
|
|a 7.038.544
|2 MRF
|
| 080 |
|
|
|a 7.038.55
|2 MRF
|
| 080 |
|
|
|a (048.8:082)
|2 MRF
|
| 245 |
0 |
0 |
|a Objekt zájmu /
|c Adéla Hrušková (ed.) ; [texty Kateřina Dytrtová ... et al.]
|
| 250 |
|
|
|a Vyd. 1.
|
| 260 |
|
|
|a V Ústí nad Labem :
|b Fakulta umění a designu Univerzity Jana Evangelisty Purkyně,
|c 2012
|
| 300 |
|
|
|a 110 s. :
|b barev. il. ;
|c 21 cm
|
| 490 |
1 |
|
|a Projekty
|
| 500 |
|
|
|a 300 výt.
|
| 504 |
|
|
|a Obsahuje bibliografii, bibliografické odkazy a rejstřík
|
| 505 |
2 |
|
|a Objektivně : Jan Krtička, Libor Novotný, Jan Prošek, Robert Vlasák : Galerie Emila Filly v Ústí nad Labem, 13.9.-10.10.2012
|
| 546 |
|
|
|a Část. francouzský a slovenský text, anglické resumé
|
| 650 |
0 |
7 |
|a teorie umění
|7 ph126574
|2 czenas
|
| 650 |
0 |
7 |
|a vizuální komunikace
|7 ph116581
|2 czenas
|
| 650 |
0 |
7 |
|a umělecké dílo
|7 ph126891
|2 czenas
|
| 650 |
0 |
7 |
|a vnímání uměleckého díla
|7 ph162887
|2 czenas
|
| 650 |
0 |
7 |
|a interpretace uměleckého díla
|7 ph162886
|2 czenas
|
| 650 |
0 |
7 |
|a zprostředkování umění
|7 ph139183
|2 czenas
|
| 650 |
0 |
7 |
|a objekty (umění)
|7 ph123590
|2 czenas
|
| 650 |
0 |
7 |
|a instalace (umění)
|7 ph121119
|2 czenas
|
| 650 |
0 |
9 |
|a theory of art
|2 eczenas
|
| 650 |
0 |
9 |
|a visual communication
|2 eczenas
|
| 650 |
0 |
9 |
|a art work
|2 eczenas
|
| 650 |
0 |
9 |
|a perception of art
|2 eczenas
|
| 650 |
0 |
9 |
|a art interpretation
|2 eczenas
|
| 650 |
0 |
9 |
|a art mediation
|2 eczenas
|
| 650 |
0 |
9 |
|a objects (art)
|2 eczenas
|
| 650 |
0 |
9 |
|a installations (art)
|2 eczenas
|
| 655 |
|
7 |
|a kolektivní monografie
|7 fd501537
|2 czenas
|
| 655 |
|
9 |
|a collective monographs
|2 eczenas
|
| 700 |
1 |
|
|a Hrušková, Adéla
|7 pna2008482340
|4 edt
|
| 700 |
1 |
|
|a Dytrtová, Kateřina,
|d 1964-
|7 xx0014693
|4 aut
|
| 710 |
2 |
|
|a Galerie Emila Filly (Ústí nad Labem, Česko)
|7 ko2002148988
|
| 740 |
0 |
2 |
|a Objektivně
|
| 810 |
2 |
|
|a Univerzita J.E. Purkyně v Ústí nad Labem.
|b Fakulta umění a designu.
|t Projekty
|0 s
|
| 910 |
2 |
|
|a BOA001
|b 2-1327.397
|
| 928 |
9 |
|
|a Univerzita J.E. Purkyně v Ústí nad Labem, Fakulta umění a designu
|
| 990 |
|
|
|a BK
|
| 995 |
|
|
|a 01
|
| 991 |
|
|
|b 201405
|c NOV
|e n
|
| 996 |
6 |
|
|b 2610591874
|c 2-1327.397
|l MZK
|r Sklad / do 1 hodiny
|n 3
|p p.v.
|w 001423695
|u 000010
|a 1
|e BOA001
|j MZK50
|s P
|